Polish Name Translation - Statistics

General Stats
  • This quiz has been taken 294 times
  • The average score is 13 of 22
Answer Stats
Polish English % Correct
Andrzej Andrew
98%
Jakub Jacob
94%
Piotr Peter
94%
Karolina Carolina
92%
Mateusz Matthew
90%
Krzysztof Christopher
89%
Elzbieta Elizabeth
84%
Jan John
83%
Grzegorz Gregory
81%
Marek Mark
78%
Katarzyna Katherine
75%
Dorota Dorothy
69%
Agnieszka Agnes
63%
Karol Charles
49%
Jerzy George
47%
Malgorzata Margaret
46%
Tadeusz Thaddeus
30%
Kazimierz Casimir
27%
Iweta Yvette
18%
Olga Helga
14%
Jadwiga Hedwig
13%
Wojciech Albert
2%
No matching quizzes found
Score Distribution
Percent of People with Each Score
Percentile by Number Answered
Your Score History
You have not taken this quiz